[Event "quem procura acha!"]
[Site "http://www.queenalice.com/game.php?id=226465"]
[Date "2007.6.17"]
[Round "-"]
[White "PedroNRF"]
[Black "eriksilva"]
[Result "1-0"]
[WhiteElo "1100"]
[BlackElo "996"]

1. d4 e6 2. Bf4 Nf6 3. Qd3 Nd5 4. Bg3 Nb4 5. Qc3 N8c6 6. Nf3 Qf6 7. e4 d5 8. Ne5
dxe4 9. Nxc6 Nxc6 10. Bxc7 Bb4 11. Bb5 Bxc3+ 12. bxc3 e5 13. Bxe5 Qg6 14. Bg3 e3
15. Bd3 exf2+ 16. Kd1 Bg4+ 17. Kc1 Qf6 18. Nd2 1-0

[Event "Let's Play Chess!"]
[Site "http://www.queenalice.com/game.php?id=226476"]
[Date "2007.6.17"]
[Round "-"]
[White "eriksilva"]
[Black "Eternamente_Anjo"]
[Result "0-1"]
[WhiteElo "957"]
[BlackElo "1819"]

1. e4 e5 2. Nf3 Nc6 3. Bb5 a6 4. Bxc6 dxc6 5. Nxe5 Qd4 6. Nd3 Qxe4+ 7. Qe2 Bf5
8. f3 Qxe2+ 9. Kxe2 O-O-O 10. Nf4 Bxc2 11. Na3 Re8+ 12. Kf1 Bxa3 13. bxa3 f6 14.
Kf2 Nh6 15. d3 g5 16. Nh5 Bxd3 17. Nxf6 Re2+ 18. Kg3 Nf5+ 19. Kh3 h6 20. Rd1 Bc4
21. Rb1 Rf8 22. Bb2 Bxa2 23. Rbc1 Rxb2 24. Nd7 Be6 25. Nxf8 Nd4+ 26. g4 Rb3 27.
Rxd4 Rxf3+ 0-1

[Event "Let's Play Chess!"]
[Site "http://www.queenalice.com/game.php?id=226549"]
[Date "2007.6.17"]
[Round "-"]
[White "eriksilva"]
[Black "barbieros"]
[Result "0-1"]
[WhiteElo "996"]
[BlackElo "1500"]

1. e4 e5 2. Nf3 Nc6 3. c3 d5 4. d4 dxe4 5. Nxe5 Nxe5 6. dxe5 Nh6 7. e6 fxe6 8.
Bxh6 gxh6 9. Qh5+ Kd7 10. Nd2 Qf6 11. Nxe4 Qf4 12. f3 Qe3+ 13. Be2 Rg8 14. Rd1+
Ke7 15. Qh4+ Rg5 16. f4 Qxe4 17. Rd4 Qxg2 18. fxg5 Qxh1+ 19. Bf1 Qf3 20. gxh6+
Qf6 21. Qf2 e5 22. Re4 Bxh6 23. Qc5+ Qd6 24. Qxe5+ Qxe5 25. Rxe5+ Be6 26. Rc5
Bf4 27. Rh5 Rh8 28. b4 Bxa2 29. Rh4 Be5 30. c4 Bc3+ 31. Kf2 Bxb4 32. Re4+ Kf6
33. Bh3 a5 34. Bd7 Bb3 35. Rf4+ Ke5 36. Rh4 a4 37. Bxa4 Bxa4 38. c5 Bxc5+ 39.
Kg3 Rg8+ 40. Kf3 Bd1# 0-1

[Event "Let's Play Chess!"]
[Site "http://www.queenalice.com/game.php?id=226565"]
[Date "2007.6.17"]
[Round "-"]
[White "eriksilva"]
[Black "junior11"]
[Result "1-0"]
[WhiteElo "996"]
[BlackElo "1724"]

1. e4 e5 2. Nf3 Nc6 3. h4 f5 4. Ng5 Qf6 5. b3 Bc5 6. Bc4 Nh6 7. O-O Na5 8. Bd5
c6 9. Bc4 Nxc4 10. bxc4 Nf7 11. Qh5 g6 12. Qf3 Nxg5 13. hxg5 Qxg5 14. d4 Qe7 15.
dxc5 d6 16. cxd6 Qxd6 17. Rd1 Qc7 18. exf5 Bxf5 19. g4 Bd7 20. Qf6 Rf8 21. Qh4
Be6 22. Ba3 Rf4 23. Bd6 Qb6 24. Qe7# 1-0

[Event "Let's Play Chess!"]
[Site "http://www.queenalice.com/game.php?id=226950"]
[Date "2007.6.18"]
[Round "-"]
[White "eriksilva"]
[Black "bg"]
[Result "0-1"]
[WhiteElo "996"]
[BlackElo "1823"]

1. e4 e5 2. Nf3 Nc6 3. Bc4 Nf6 4. Ng5 d5 5. Bb3 h6 6. Nf3 Bg4 7. Nc3 dxe4 8.
Nxe4 Nxe4 9. O-O Nf6 10. d3 Qd6 11. Bc4 O-O-O 12. Qe1 Bxf3 13. g3 Qd7 14. Qd1
Bxd1 15. Rxd1 e4 16. Bf4 Bd6 17. Bd2 Qh3 18. b4 Ng4 19. b5 Qxh2+ 20. Kf1 Qxf2#
0-1

[Event "Let's Play Chess!"]
[Site "http://www.queenalice.com/game.php?id=226952"]
[Date "2007.6.18"]
[Round "-"]
[White "eriksilva"]
[Black "tche_elvio"]
[Result "0-1"]
[WhiteElo "996"]
[BlackElo "1525"]

1. e4 e5 2. Nf3 Nf6 3. d3 h6 4. Nxe5 Qe7 5. d4 d5 6. g3 Nbd7 7. Bf4 a6 8. Nc3 g5
9. Nxd7 Nxd7 10. Bxc7 dxe4 0-1

[Event "Let's Play Chess!"]
[Site "http://www.queenalice.com/game.php?id=226981"]
[Date "2007.6.18"]
[Round "-"]
[White "Ana_Paula"]
[Black "eriksilva"]
[Result "1-0"]
[WhiteElo "1891"]
[BlackElo "957"]

1. Nf3 b6 2. e4 Bb7 3. Nc3 e6 4. a3 d5 5. d4 a5 6. exd5 Bxd5 7. Nxd5 Qxd5 8. Bd3
Nf6 9. O-O Bd6 10. c4 Qh5 11. Re1 Ng4 12. h3 Nf6 13. d5 e5 14. Bf4 O-O 15. Nxe5
Qh4 16. Bg3 Qd4 17. Bxh7+ 1-0

[Event "Let's Play Chess!"]
[Site "http://www.queenalice.com/game.php?id=227486"]
[Date "2007.6.19"]
[Round "-"]
[White "eriksilva"]
[Black "Moondawg"]
[Result "0-1"]
[WhiteElo "957"]
[BlackElo "1781"]

1. e4 e5 2. Nf3 Nc6 3. c4 Nf6 4. d3 d6 5. h3 Nd4 6. Be3 Nxf3+ 7. gxf3 Be7 8. h4
O-O 9. h5 h6 10. f4 c5 11. Qd2 a6 0-1

[Event "Let's Play Chess!"]
[Site "http://www.queenalice.com/game.php?id=227502"]
[Date "2007.6.19"]
[Round "-"]
[White "fhpratti"]
[Black "eriksilva"]
[Result "1-0"]
[WhiteElo "1723"]
[BlackElo "996"]

1. e4 c5 2. Bc4 e6 3. Nf3 a6 4. d4 b5 5. Be2 c4 6. d5 exd5 7. Qxd5 Bb7 8. Qxb7
Nc6 9. Bg5 Nf6 10. Bxf6 gxf6 11. Nh4 Bh6 12. Bg4 f5 13. Bxf5 O-O 14. Qxd7 Qxh4
15. Qxc6 Qf4 16. g3 Qd2+ 17. Nxd2 Rfd8 18. Qxh6 a5 19. Qxh7+ Kf8 20. Qh8+ Ke7
21. Qe5+ Kf8 22. Qxb5 Rdb8 23. Qc5+ Kg7 24. Nxc4 a4 25. O-O-O a3 26. Nxa3 Rc8
27. Qe5+ 1-0

[Event "Challenge"]
[Site "http://www.queenalice.com/game.php?id=872465"]
[Date "2010.12.15"]
[Round "-"]
[White "XtremeLM"]
[Black "eriksilva"]
[Result "1-0"]
[WhiteElo "1934"]
[BlackElo "972"]

1. c4 e5 2. e4 Nf6 3. d3 c5 4. Be2 a6 5. Nh3 h6 6. O-O d6 7. Nc3 Bxh3 8. gxh3 g6
9. f4 exf4 10. Bxf4 Bg7 11. e5 Nh7 12. exd6 O-O 13. Nd5 Nd7 14. Be3 b6 15. d4
Nhf6 16. Ne7+ Kh7 17. Bd3 Ng8 18. Nf5 gxf5 19. Bxf5+ Kh8 20. Qg4 Ndf6 21. Qf3
Qxd6 22. Kh1 cxd4 23. Rad1 Nh7 24. Qf4 Qxf4 25. Bxf4 Ne7 26. Bd6 Rfe8 27. Bxh7
Kxh7 28. Rxf7 Nc6 29. Rg1 Rg8 30. Rc7 Rac8 31. Rgxg7+ Rxg7 32. Rxc8 Na7 33. Rc7
Rxc7 34. Bxc7 1-0